000 01045nam a22002777a 4500
999 _c64472
_d64472
005 20240530110733.0
008 180313s2017 ua a g 000 0 ara d
017 _a2017/2517
_bمصر. دار الكتب
020 _a9789778121124
040 _aEG-CaGPL
_cEG-CaGPL
082 0 4 _221
_a303.38 /
_bر ق
100 0 _aرانده عاشور عبدالعزيز
245 1 0 _aقضايا اعلامية فى الميادين العربية /
_cاعداد رانده عاشور عبدالعزيز
250 _aط. 1
260 _aالقاهرة :
_bالمكتب العربى للمعارف ،
_c2017.
300 _a325 ص. :
_bجداول ؛
_c24 سم.
650 0 7 _2qrmak
_aالاعلام
650 0 7 _2qrmak
_aالوعى الاجتماعى
650 0 7 _2qrmak
_aوسائل الاعلام
650 0 7 _2qrmak
_aالاتصال ( علم اجتماع )
651 _2qrmak
700 0 _aاحمد صبحى
_eمؤلف مشارك
700 0 _aجهاد عودة
_eمشرف
942 _2ddc
_cBK